Paroles - nekfeu - les étoiles vagabondes - Statistiques

Statistiques générales
  • Ce quiz a été pris 42 fois
  • Le résultat moyen est 304 sur 438
Statistiques - réponses
Réponse % Correct
à
94%
dans
94%
de
94%
en
94%
et
94%
j'ai
94%
le
94%
ma
94%
m'a
94%
mon
94%
par
94%
pour
94%
te
94%
tes
94%
t'es
94%
banlieue
89%
demandes
89%
déménagé
89%
déranger
89%
donc
89%
e-mail
89%
envoie
89%
fou
89%
l'étranger
89%
me
89%
même
89%
ne
89%
Paris
89%
pas
89%
qu'on
89%
téj'
89%
téléphone
89%
toute
89%
vécu
89%
vie
89%
vienne
89%
beaucoup
83%
ça
83%
ce
83%
ces
83%
comme
83%
derniers
83%
envie
83%
je
83%
la
83%
l'impression
83%
m'interroger
83%
poids
83%
pris
83%
quand
83%
temps
83%
un
83%
viens
83%
vivre
83%
avec
78%
bouffe
78%
les
78%
mais
78%
m'écoute
78%
se
78%
ta
78%
va
78%
au
72%
bras
72%
d'avoir
72%
des
72%
doigt
72%
d'un
72%
femme
72%
future
72%
lieu
72%
marchera
72%
passion
72%
pression
72%
que
72%
qui
72%
solitaire
72%
t'as
72%
tu
72%
100%
67%
alors
67%
anthropologue
67%
chaque
67%
croire
67%
d'autres
67%
dos
67%
d'toi
67%
entrepreneur
67%
été
67%
faire
67%
fassent
67%
faut
67%
film
67%
fous
67%
gère
67%
j'ferais
67%
j'm'en
67%
joli
67%
j'veux
67%
l'actualité
67%
l'argent
67%
l'éspèce
67%
moi
67%
on
67%
67%
pacifiste
67%
parlaient
67%
pinceaux
67%
plus
67%
qu'ça
67%
quoi
67%
rents-pa
67%
s'en
67%
si
67%
sons
67%
sur
67%
surement
67%
toi
67%
avant
61%
bail
61%
c'est
61%
cils
61%
détachaient
61%
detesté
61%
d'être
61%
effacé
61%
fait
61%
isolé
61%
j'en
61%
j'étais
61%
j'm'intéresse
61%
j'suis
61%
mode
61%
moyen
61%
patient
61%
perchoir
61%
pigments
61%
pleurais
61%
posséder
61%
rentable
61%
salit
61%
sert
61%
seul
61%
société
61%
solide
61%
suffit
61%
suivie
61%
toits
61%
y'a
61%
afghan
56%
après
56%
bas
56%
blanc
56%
dansent
56%
déprimer
56%
d'étoiles
56%
d'quoi
56%
dur
56%
erreurs
56%
frontières
56%
j'aime
56%
jeune
56%
larmes
56%
leur
56%
mets
56%
ouvert
56%
poser
56%
poussières
56%
prends
56%
qu'j'l'ai
56%
racistes
56%
rap
56%
redescendu
56%
réunissant
56%
rien
56%
sens
56%
succès
56%
toiles
56%
une
56%
air
50%
aux
50%
ferais
50%
guettent
50%
haut
50%
insistant
50%
inspiré
50%
j'déteste
50%
mélangé
50%
ouais
50%
peu
50%
pu
50%
remercie
50%
saigner
50%
s'est
50%
soit
50%
traverser
50%
besoin
44%
bouche
44%
chance
44%
devant
44%
d'm'avoir
44%
d'me
44%
étudie
44%
faux
44%
feuille
44%
ils
44%
j'te
44%
l'apprends
44%
leçon
44%
littéraire
44%
malheureux
44%
moins
44%
noirs
44%
pigeons
44%
résistance
44%
retrouvés
44%
rêves
44%
riche
44%
roi
44%
savais
44%
s'inquiète
44%
sortent
44%
touche
44%
troublant
44%
trous
44%
veut
44%
vrais
44%
accorde
39%
aimer
39%
assistance
39%
avaient
39%
bouge
39%
d'crédits
39%
être
39%
eux
39%
fois
39%
formes
39%
l'arabe
39%
l'art
39%
MC
39%
n'a
39%
profs
39%
qu'ils
39%
raison
39%
réappris
39%
rempli
39%
touchent
39%
voulaient
39%
yeux
39%
est
33%
existance
33%
faudrait
33%
fond
33%
indésirables
33%
m'aies
33%
plongeant
33%
savoure
33%
vide
33%
vite
33%
aspiré
28%
douche
28%
douleur
28%
fauves
28%
froide
28%
rivés
28%
triche
28%
voir
28%
comment
22%
repousse
22%
il't'faut
11%
Aucun quiz correspondant
Distribution des résultats
% des personnes avec chaque résultat
Percentile par nombre de réponses
Votre historique - résultats
Vous n’avez pas pris ce quiz